000
00279nam a2200133Ia 4500
100
_a
B.P.B. Publishion
650
_a
General
942
_c
BK
654
_a
Build
245
_a
Build Your Own Intercoms
260
_b
B.P.B Pub.
_a
Delhi
_c
1980
300
_a
44
546
_a
ENGLISH
999
_c
30136
_d
30136